[Event "HUN-chT2 Breyer 1718"]
[Site "Hungary"]
[Date "2017.11.26"]
[Round "4.1"]
[White "Voros, Sandor"]
[Black "Bohus, Adam"]
[Result "0-1"]
[WhiteElo "1941"]
[BlackElo "2305"]
[PlyCount "50"]
[EventDate "2017.09.24"]
[EventType "team-tourn"]
[EventRounds "11"]
[EventCountry "HUN"]
[SourceTitle "EXT 2021"]
[Source "ChessBase"]
[SourceDate "2020.10.23"]
[SourceVersion "1"]
[SourceVersionDate "2020.10.23"]
[SourceQuality "1"]
[WhiteTeam "Tatabanya Turul"]
[BlackTeam "Naszaly Geniusz Tata"]
[WhiteTeamCountry "HUN"]
[BlackTeamCountry "HUN"]

1. e4 e5 2. Nf3 Nc6 3. d3 Nf6 4. c3 d5 5. Qc2 Be7 6. Be2 0-0 7. 0-0 a5 8. Re1 Re8 9. Nbd2 Bf8 10. Bf1 h6 11. g3 a4 12. Bg2 d4 13. a3 Be6 14. c4 Nd7 15. b4 axb3 16. Nxb3 Nc5 17. Nxc5 Bxc5 18. Bb2 Qd6 19. Qc1 Reb8 20. Nd2 b5 21. cxb5 Rxb5 22. Nc4 Bxc4 23. dxc4 Rb3 24. Qc2 Rab8 25. Bc1 d3 0-1

[Event "HUN-chT2 Breyer 1516"]
[Site "Hungary"]
[Date "2016.02.14"]
[Round "7.7"]
[White "Voros, Sandor"]
[Black "Szabo, Laszlo3333"]
[Result "1/2-1/2"]
[WhiteElo "1939"]
[BlackElo "2018"]
[PlyCount "38"]
[EventDate "2015.09.13"]
[EventType "team-tourn"]
[EventRounds "11"]
[EventCountry "HUN"]
[SourceTitle "EXT 2017"]
[Source "ChessBase"]
[SourceDate "2016.10.25"]
[SourceVersion "1"]
[SourceVersionDate "2016.10.25"]
[SourceQuality "1"]
[WhiteTeam "Turul"]
[BlackTeam "Gyor UDSE"]
[WhiteTeamCountry "HUN"]
[BlackTeamCountry "HUN"]

1. e4 c5 2. Nf3 d6 3. d4 cxd4 4. Nxd4 Nf6 5. Nc3 a6 6. Be2 e6 7. Be3 Be7 8. 0-0 Nc6 9. f4 Qc7 10. Kh1 0-0 11. Bf3 Bd7 12. Qe1 Nxd4 13. Bxd4 Bc6 14. Qg3 Rad8 15. Rfe1 Rd7 16. Rad1 Qd8 17. Qf2 b5 18. a3 Qa8 19. Qe2 Rfd8 1/2-1/2

[Event "HUN-chT2 Breyer 1516"]
[Site "Hungary"]
[Date "2015.10.18"]
[Round "3.7"]
[White "Voros, Sandor"]
[Black "Bitto, Zoltan"]
[Result "1/2-1/2"]
[WhiteElo "1949"]
[BlackElo "2008"]
[PlyCount "25"]
[EventDate "2015.09.13"]
[EventType "team-tourn"]
[EventRounds "11"]
[EventCountry "HUN"]
[SourceTitle "CBM 170 Extra"]
[Source "ChessBase"]
[SourceDate "2016.02.25"]
[SourceVersion "1"]
[SourceVersionDate "2016.02.25"]
[SourceQuality "1"]
[WhiteTeam "Turul"]
[BlackTeam "Zsambek"]
[WhiteTeamCountry "HUN"]
[BlackTeamCountry "HUN"]

1. e4 e6 2. d4 d5 3. Nd2 c5 4. exd5 Qxd5 5. dxc5 Bxc5 6. Ngf3 Nf6 7. Bb5+ Bd7 8. Bxd7+ Nbxd7 9. Qe2 0-0 10. 0-0 Rad8 11. c4 Qf5 12. h3 h6 13. Re1 1/2-1/2

[Event "HUN-chT2 Breyer 1415"]
[Site "Hungary"]
[Date "2015.01.25"]
[Round "?"]
[White "Mester, Attila"]
[Black "Voros, Sandor"]
[Result "1-0"]
[WhiteElo "2014"]
[BlackElo "1978"]
[PlyCount "51"]
[EventDate "2014.09.07"]
[EventType "team-tourn"]
[EventRounds "11"]
[EventCountry "HUN"]
[SourceTitle "EXT 2016"]
[Source "ChessBase"]
[SourceDate "2015.10.08"]
[SourceVersion "1"]
[SourceVersionDate "2015.10.08"]
[SourceQuality "1"]
[WhiteTeam "Pestszentlorinc"]
[BlackTeam "Turul"]
[WhiteTeamCountry "HUN"]
[BlackTeamCountry "HUN"]

1. e4 c5 2. Nf3 e6 3. d4 cxd4 4. Nxd4 Nf6 5. Nc3 d6 6. f4 a6 7. Qf3 Qb6 8. Nb3 Nc6 9. Be3 Qc7 10. 0-0-0 b5 11. g4 h6 12. Kb1 Bb7 13. Bd3 Be7 14. Rhg1 Nd7 15. Qf2 0-0-0 16. Bxb5 axb5 17. Nxb5 Qb8 18. Ba7 Nxa7 19. Nxa7+ Kc7 20. Nb5+ Kc8 21. Na7+ Kc7 22. Nd4 Nc5 23. Ndb5+ Kd7 24. Qxc5 Bxe4 25. Qd4 d5 26. Qxe4 1-0

[Event "HUN-chT2 Breyer 1314"]
[Site "Hungary"]
[Date "2014.03.02"]
[Round "6.5"]
[White "Voros, Sandor"]
[Black "Szabo, Zoltan2222"]
[Result "1/2-1/2"]
[WhiteElo "1984"]
[BlackElo "1873"]
[PlyCount "47"]
[EventDate "2013.09.08"]
[EventType "team-tourn"]
[EventRounds "9"]
[EventCountry "HUN"]
[SourceTitle "EXT 2016"]
[Source "ChessBase"]
[SourceDate "2015.10.08"]
[SourceVersion "1"]
[SourceVersionDate "2015.10.08"]
[SourceQuality "1"]
[WhiteTeam "Tatabanya Turul"]
[BlackTeam "Pet"]
[WhiteTeamCountry "HUN"]
[BlackTeamCountry "HUN"]

1. e4 e5 2. Nf3 Nc6 3. d3 Nf6 4. c3 d5 5. Nbd2 Be7 6. Qc2 0-0 7. Be2 b6 8. a3 Bb7 9. b4 a6 10. 0-0 dxe4 11. dxe4 Nd7 12. Bc4 Bf6 13. Re1 Qe7 14. Nf1 Nd8 15. Ne3 g6 16. Ba2 b5 17. Rb1 c5 18. Bd5 Nb6 19. Bxb7 Nxb7 20. Ng4 Bg7 21. Bh6 f6 22. Bxg7 Qxg7 23. Rbd1 Rad8 24. Ne3 1/2-1/2

[Event "HUN-chT2 Breyer 1213"]
[Site "Hungary"]
[Date "2012.12.02"]
[Round "5.5"]
[White "Voros, Sandor"]
[Black "Szabo, Laszlo4444"]
[Result "1/2-1/2"]
[WhiteElo "1978"]
[BlackElo "2063"]
[PlyCount "40"]
[EventDate "2012.09.16"]
[EventType "team-tourn"]
[EventRounds "11"]
[EventCountry "HUN"]
[SourceTitle "EXT 2014"]
[Source "ChessBase"]
[SourceDate "2013.11.20"]
[SourceVersion "1"]
[SourceVersionDate "2013.11.20"]
[SourceQuality "1"]
[WhiteTeam "Turul"]
[BlackTeam "Gyor Komszomol"]
[WhiteTeamCountry "HUN"]
[BlackTeamCountry "HUN"]

1. e4 c5 2. Nf3 Nc6 3. d4 cxd4 4. Nxd4 Nf6 5. Nc3 e5 6. Ndb5 d6 7. Bg5 a6 8. Na3 b5 9. Nd5 Be7 10. Bxf6 Bxf6 11. c3 0-0 12. Nc2 Rb8 13. Be2 Bg5 14. 0-0 a5 15. Nce3 Be6 16. Qd3 Ne7 17. Rfd1 Nxd5 18. Nxd5 Qd7 19. Ne3 Rfd8 20. b3 Qa7 1/2-1/2

[Event "HUN-chT2 Breyer 1112"]
[Site "Hungary"]
[Date "2012.05.06"]
[Round "10.5"]
[White "Toth, Gyula"]
[Black "Voros, Sandor"]
[Result "1-0"]
[WhiteElo "2099"]
[BlackElo "2001"]
[PlyCount "47"]
[EventDate "2011.09.25"]
[EventType "team-tourn"]
[EventRounds "11"]
[EventCountry "HUN"]
[SourceTitle "EXT 2013"]
[Source "ChessBase"]
[SourceDate "2012.11.22"]
[SourceVersion "1"]
[SourceVersionDate "2012.11.22"]
[SourceQuality "1"]
[WhiteTeam "Zoltek"]
[BlackTeam "Turul"]
[WhiteTeamCountry "HUN"]
[BlackTeamCountry "HUN"]

1. e4 c5 2. Nf3 e6 3. d4 cxd4 4. Nxd4 Nf6 5. Bd3 d6 6. 0-0 Nc6 7. Nxc6 bxc6 8. Qe2 d5 9. Nd2 Be7 10. b3 0-0 11. Bb2 Qc7 12. f4 Rd8 13. Rae1 Bb7 14. f5 exf5 15. Rxf5 Bc8 16. Rxf6 Bxf6 17. exd5 Bg4 18. Qe4 Kf8 19. Qxh7 Qb6+ 20. Kh1 Be6 21. Bxf6 gxf6 22. dxe6 Ke7 23. Qxf7+ Kd6 24. Nc4+ 1-0

[Event "HUN-chT2 Breyer 1112"]
[Site "Hungary"]
[Date "2012.02.19"]
[Round "6.6"]
[White "Voros, Sandor"]
[Black "Szunyogh, Istvan"]
[Result "1-0"]
[WhiteElo "2001"]
[BlackElo "1914"]
[PlyCount "51"]
[EventDate "2011.09.25"]
[EventType "team-tourn"]
[EventRounds "11"]
[EventCountry "HUN"]
[SourceTitle "EXT 2013"]
[Source "ChessBase"]
[SourceDate "2012.11.22"]
[SourceVersion "1"]
[SourceVersionDate "2012.11.22"]
[SourceQuality "1"]
[WhiteTeam "Turul"]
[BlackTeam "MAV Elore"]
[WhiteTeamCountry "HUN"]
[BlackTeamCountry "HUN"]

1. e4 c5 2. Nf3 Nc6 3. d4 cxd4 4. Nxd4 g6 5. Nc3 Bg7 6. Be3 Nf6 7. Be2 0-0 8. 0-0 a6 9. Nb3 b5 10. a3 d6 11. f4 Bb7 12. Bf3 e5 13. f5 Qc7 14. g4 h6 15. Qd2 Rad8 16. Bxh6 Kh7 17. Bxg7 Kxg7 18. g5 Qb6+ 19. Kh1 Nh5 20. f6+ Kh7 21. Bxh5 gxh5 22. Qe2 Rh8 23. Nd5 Qa7 24. Ne7 Nxe7 25. fxe7 Rde8 26. Qxh5+ 1-0

[Event "HUN-chT2 Breyer 1112"]
[Site "Hungary"]
[Date "2011.11.27"]
[Round "4.5"]
[White "Voros, Sandor"]
[Black "Tegzes, Laszlo"]
[Result "0-1"]
[WhiteElo "2001"]
[BlackElo "2073"]
[PlyCount "54"]
[EventDate "2011.09.25"]
[EventType "team-tourn"]
[EventRounds "11"]
[EventCountry "HUN"]
[SourceTitle "EXT 2013"]
[Source "ChessBase"]
[SourceDate "2012.11.22"]
[SourceVersion "1"]
[SourceVersionDate "2012.11.22"]
[SourceQuality "1"]
[WhiteTeam "Turul"]
[BlackTeam "Husi"]
[WhiteTeamCountry "HUN"]
[BlackTeamCountry "HUN"]

1. e4 c5 2. Nf3 e6 3. d4 cxd4 4. Nxd4 Nf6 5. Nc3 Nc6 6. Ndb5 d6 7. Bf4 e5 8. Bg5 a6 9. Na3 b5 10. Bxf6 gxf6 11. Nd5 Bg7 12. Bd3 Ne7 13. Nxe7 Qxe7 14. 0-0 f5 15. c3 0-0 16. Nc2 f4 17. f3 Rb8 18. Qe2 Qg5 19. Rfd1 Bf6 20. Nb4 Bd8 21. Kh1 Bb6 22. a4 Qh4 23. Rf1 Re8 24. Nd5 Ba7 25. Qe1 Qh6 26. axb5 Re6 27. Bc4 Qxh2+ 0-1

[Event "HUN-chT2 Breyer 1011"]
[Site "Hungary"]
[Date "2010.11.21"]
[Round "6.9"]
[White "Voros, Sandor"]
[Black "Florian, Mark"]
[Result "1-0"]
[WhiteElo "2046"]
[BlackElo "1925"]
[PlyCount "83"]
[EventDate "2010.09.12"]
[EventType "team-tourn"]
[EventRounds "11"]
[EventCountry "HUN"]
[SourceTitle "EXT 2012"]
[Source "ChessBase"]
[SourceDate "2011.11.24"]
[SourceVersion "1"]
[SourceVersionDate "2011.11.24"]
[SourceQuality "1"]
[WhiteTeam "Turul"]
[BlackTeam "Zoltek"]
[WhiteTeamCountry "HUN"]
[BlackTeamCountry "HUN"]

1. e4 e5 2. Nf3 Nc6 3. d3 Nf6 4. c3 d5 5. Nbd2 Bg4 6. Be2 dxe4 7. dxe4 Bc5 8. b4 Bxf3 9. Bxf3 Bd6 10. 0-0 0-0 11. Qc2 Qe7 12. Re1 Nd8 13. a3 c5 14. Bb2 Rc8 15. Qb3 Qe6 16. Qa4 a6 17. b5 Bc7 18. c4 axb5 19. Qxb5 Qc6 20. Qb3 Ne6 21. g3 Ba5 22. Qc2 Nd4 23. Bxd4 cxd4 24. Rab1 b5 25. c5 Qxc5 26. Qxc5 Rxc5 27. Nb3 Rc3 28. Nxa5 Rxf3 29. Rxb5 Ng4 30. Reb1 d3 31. Nc4 f6 32. h3 Rc8 33. Rb8 Rxb8 34. Rxb8+ Kf7 35. hxg4 d2 36. Nxd2 Rxa3 37. Rb7+ Kg6 38. Kg2 Ra4 39. Rc7 Rd4 40. Nf3 Rxe4 41. Nh4+ Kh6 42. Nf5+ 1-0

[Event "HUN-chT2 Breyer 1011"]
[Site "Hungary"]
[Date "2010.10.10"]
[Round "3.7"]
[White "Sipos, Gabor"]
[Black "Voros, Sandor"]
[Result "1-0"]
[WhiteElo "2080"]
[BlackElo "2046"]
[PlyCount "91"]
[EventDate "2010.09.12"]
[EventType "team-tourn"]
[EventRounds "11"]
[EventCountry "HUN"]
[SourceTitle "EXT 2012"]
[Source "ChessBase"]
[SourceDate "2011.11.24"]
[SourceVersion "1"]
[SourceVersionDate "2011.11.24"]
[SourceQuality "1"]
[WhiteTeam "Biatorbagy"]
[BlackTeam "Turul"]
[WhiteTeamCountry "HUN"]
[BlackTeamCountry "HUN"]

1. Nf3 Nf6 2. d4 g6 3. c4 Bg7 4. g3 d6 5. Bg2 Nbd7 6. 0-0 0-0 7. Nc3 e5 8. e4 c6 9. b3 Qc7 10. h3 Re8 11. d5 c5 12. Ne1 a6 13. Nc2 Rb8 14. Re1 b6 15. Bd2 Kh8 16. Kh2 Ng8 17. Ne3 Nf8 18. Qc2 Ne7 19. Rac1 f5 20. exf5 gxf5 21. f4 Nfg6 22. Ne2 Rf8 23. Nf1 Bd7 24. b4 Ng8 25. a3 Nf6 26. Ne3 Qc8 27. Rf1 Ng8 28. Rf2 Nh6 29. Rcf1 Qe8 30. Bf3 Qe7 31. Rg1 exf4 32. gxf4 Qh4 33. Nd1 Ng4+ 34. Bxg4 fxg4 35. Rg3 Rbe8 36. Bc3 Bf5 37. Bxg7+ Kxg7 38. Qc3+ Kg8 39. Ne3 h5 40. Kg1 Be4 41. Nf1 Bf3 42. Rfxf3 Rxe2 43. Qd3 Ne5 44. Qxe2 Nxf3+ 45. Qxf3 Re8 46. hxg4 1-0

[Event "HUN-chT2 Breyer 0910"]
[Site "Hungary"]
[Date "2010.05.02"]
[Round "11"]
[White "Voros, Sandor"]
[Black "Horvath, Laszlo"]
[Result "0-1"]
[WhiteElo "2055"]
[BlackElo "2221"]
[PlyCount "62"]
[EventDate "2009.11.08"]
[EventType "team-tourn"]
[EventRounds "11"]
[EventCountry "HUN"]
[SourceTitle "EXT 2011"]
[Source "ChessBase"]
[SourceDate "2010.11.26"]
[SourceVersion "1"]
[SourceVersionDate "2010.11.26"]
[SourceQuality "1"]
[WhiteTeam "Turul"]
[BlackTeam "Gyor Komszomol"]
[WhiteTeamCountry "HUN"]
[BlackTeamCountry "HUN"]

1. e4 Nf6 2. e5 Nd5 3. d4 d6 4. Nf3 dxe5 5. Nxe5 g6 6. Bc4 c6 7. Nc3 Bg7 8. Ne4 0-0 9. 0-0 Nd7 10. Nxd7 Bxd7 11. c3 Qc7 12. Bb3 e5 13. c4 Nf4 14. Bxf4 exf4 15. Nc3 Rad8 16. Rc1 Rfe8 17. d5 Qd6 18. Qf3 Bf5 19. Rfd1 h5 20. h3 Bxc3 21. Rxc3 Be4 22. Qe2 Bxg2 23. Qd2 Be4 24. c5 Qe5 25. d6 Qg5+ 26. Rg3 Qxc5 27. Qxf4 Bd5 28. Qh6 Qxd6 29. Bc2 Re6 30. Rg5 Rde8 31. f3 Qc5+ 0-1

[Event "HUN-chT2 Breyer 0910"]
[Site "Hungary"]
[Date "2010.04.11"]
[Round "9"]
[White "Voros, Sandor"]
[Black "Szilvasi, Tibor"]
[Result "0-1"]
[WhiteElo "2055"]
[BlackElo "2159"]
[PlyCount "62"]
[EventDate "2009.11.08"]
[EventType "team-tourn"]
[EventRounds "11"]
[EventCountry "HUN"]
[SourceTitle "EXT 2011"]
[Source "ChessBase"]
[SourceDate "2010.11.26"]
[SourceVersion "1"]
[SourceVersionDate "2010.11.26"]
[SourceQuality "1"]
[WhiteTeam "Turul"]
[BlackTeam "BEAC II"]
[WhiteTeamCountry "HUN"]
[BlackTeamCountry "HUN"]

1. e4 c5 2. Nf3 e6 3. d4 cxd4 4. Nxd4 a6 5. Bd3 Nc6 6. Nb3 Qc7 7. 0-0 b5 8. a3 Bb7 9. Be3 d6 10. f4 Nf6 11. Nc3 Be7 12. Kh1 0-0 13. Qe1 Nd7 14. Qg3 Bf6 15. Rad1 Bxc3 16. bxc3 Ne7 17. f5 Kh8 18. fxe6 fxe6 19. Nd4 Nc5 20. Qg4 e5 21. Nf3 Ng8 22. Ng5 Nf6 23. Qh4 h6 24. Bxc5 Qxc5 25. Ne6 Qxc3 26. Nxf8 Rxf8 27. Rf3 Qd4 28. Rdf1 Bxe4 29. Bxe4 d5 30. c3 Qc4 31. Rxf6 Qxf1+ 0-1

[Event "HUN-chT2 Breyer 0910"]
[Site "Hungary"]
[Date "2009.11.22"]
[Round "2"]
[White "Voros, Sandor"]
[Black "Felmery, Mate"]
[Result "1-0"]
[WhiteElo "2055"]
[BlackElo "1714"]
[PlyCount "61"]
[EventDate "2009.11.08"]
[EventType "team-tourn"]
[EventRounds "11"]
[EventCountry "HUN"]
[SourceTitle "EXT 2011"]
[Source "ChessBase"]
[SourceDate "2010.11.26"]
[SourceVersion "1"]
[SourceVersionDate "2010.11.26"]
[SourceQuality "1"]
[WhiteTeam "Turul"]
[BlackTeam "Biatorbagy"]
[WhiteTeamCountry "HUN"]
[BlackTeamCountry "HUN"]

1. e4 d6 2. d4 Nf6 3. Nc3 g6 4. Bf4 Bg7 5. Qd2 c6 6. Nf3 Nbd7 7. Bh6 0-0 8. Bxg7 Kxg7 9. 0-0-0 b5 10. e5 Ne8 11. h4 b4 12. Ne2 Qa5 13. Kb1 h6 14. h5 Rh8 15. e6 Ndf6 16. exf7 Be6 17. fxe8N+ Rhxe8 18. b3 Rh8 19. c4 Bf5+ 20. Ka1 Rab8 21. Ng3 Rb6 22. Nxf5+ gxf5 23. Bd3 e5 24. Bxf5 e4 25. Nh4 Ra6 26. Rh3 Kf7 27. Bg6+ Ke7 28. Re1 d5 29. c5 Rb8 30. Re2 Qc7 31. Qxh6 1-0

[Event "HUN-chT2 Breyer 0809"]
[Site "Hungary"]
[Date "2009.04.19"]
[Round "11"]
[White "Voros, Sandor"]
[Black "Gyomber, Tamas"]
[Result "1/2-1/2"]
[WhiteElo "2055"]
[BlackElo "2079"]
[PlyCount "49"]
[EventDate "2008.10.26"]
[EventType "team-tourn"]
[EventRounds "11"]
[EventCountry "HUN"]
[SourceTitle "EXT 2010"]
[Source "ChessBase"]
[SourceDate "2010.11.25"]
[SourceVersion "1"]
[SourceVersionDate "2010.11.25"]
[SourceQuality "1"]
[WhiteTeam "Turul"]
[BlackTeam "Vertesi Eromu"]
[WhiteTeamCountry "HUN"]
[BlackTeamCountry "HUN"]

1. e4 g6 2. d4 Bg7 3. c4 d6 4. Nf3 Nc6 5. Nc3 e5 6. d5 Nce7 7. Bd3 f5 8. Bg5 Nf6 9. Qc2 0-0 10. 0-0-0 fxe4 11. Nxe4 Bg4 12. Ned2 Nf5 13. Rde1 h6 14. Bxf6 Qxf6 15. h3 Bxf3 16. Nxf3 a6 17. Be4 Ne7 18. Kb1 c6 19. Qd3 cxd5 20. cxd5 Rac8 21. Rc1 Kh8 22. Rxc8 Rxc8 23. Rc1 Rxc1+ 24. Kxc1 Nf5 25. Qc2 1/2-1/2

[Event "HUN-chT2 Breyer 0809"]
[Site "Hungary"]
[Date "2009.01.11"]
[Round "5"]
[White "Pram, Imre"]
[Black "Voros, Sandor"]
[Result "1/2-1/2"]
[WhiteElo "2081"]
[BlackElo "2055"]
[PlyCount "43"]
[EventDate "2008.10.26"]
[EventType "team-tourn"]
[EventRounds "11"]
[EventCountry "HUN"]
[SourceTitle "EXT 2010"]
[Source "ChessBase"]
[SourceDate "2010.11.25"]
[SourceVersion "1"]
[SourceVersionDate "2010.11.25"]
[SourceQuality "1"]
[WhiteTeam "Gyor Komszomol"]
[BlackTeam "Turul"]
[WhiteTeamCountry "HUN"]
[BlackTeamCountry "HUN"]

1. e4 c5 2. b4 cxb4 3. d4 e6 4. a3 bxa3 5. c3 Qc7 6. Bd3 a6 7. Ne2 b5 8. Bxa3 Bxa3 9. Nxa3 Bb7 10. Qd2 Ne7 11. 0-0 d6 12. f4 Nd7 13. Ng3 0-0 14. Kh1 Rac8 15. Rac1 Qa5 16. Nb1 Rfd8 17. f5 exf5 18. Nxf5 Nxf5 19. Rxf5 Re8 20. Rcf1 f6 21. Qe2 Qc7 22. Qg4 1/2-1/2

[Event "HUN-chT2 Breyer 0708"]
[Site "Hungary"]
[Date "2008.02.17"]
[Round "6"]
[White "Voros, Sandor"]
[Black "Deak, Balint"]
[Result "1-0"]
[WhiteElo "2064"]
[BlackElo "1916"]
[PlyCount "41"]
[EventDate "2007.10.14"]
[EventType "team"]
[EventRounds "11"]
[EventCountry "HUN"]
[SourceTitle "EXT 2009"]
[Source "ChessBase"]
[SourceDate "2008.11.26"]
[SourceVersion "1"]
[SourceVersionDate "2008.11.26"]
[SourceQuality "1"]
[WhiteTeam "Turul"]
[BlackTeam "Honved II"]
[WhiteTeamCountry "HUN"]
[BlackTeamCountry "HUN"]

1. e4 c5 2. Nf3 Nc6 3. d4 cxd4 4. Nxd4 d6 5. Nc3 Nf6 6. Be2 g6 7. Be3 Bg7 8. Nb3 0-0 9. 0-0 Bd7 10. f4 a6 11. Bf3 Rc8 12. h3 Na5 13. e5 Ne8 14. Nxa5 Qxa5 15. Nd5 Qd8 16. Bb6 Nc7 17. Nxc7 Bb5 18. Nd5 Qd7 19. Re1 dxe5 20. fxe5 Qe6 21. Bg4 1-0

[Event "HUN-chT2 Breyer 0708"]
[Site "Hungary"]
[Date "2007.11.25"]
[Round "3"]
[White "Voros, Sandor"]
[Black "Binder, Tamas"]
[Result "0-1"]
[WhiteElo "2064"]
[BlackElo "2302"]
[PlyCount "76"]
[EventDate "2007.10.14"]
[EventType "team"]
[EventRounds "11"]
[EventCountry "HUN"]
[SourceTitle "EXT 2009"]
[Source "ChessBase"]
[SourceDate "2008.11.26"]
[SourceVersion "1"]
[SourceVersionDate "2008.11.26"]
[SourceQuality "1"]
[WhiteTeam "Turul"]
[BlackTeam "Hobagoly"]
[WhiteTeamCountry "HUN"]
[BlackTeamCountry "HUN"]

1. e4 e6 2. d4 d5 3. Nd2 Nf6 4. e5 Nfd7 5. Bd3 c5 6. c3 Nc6 7. Ne2 cxd4 8. cxd4 f6 9. exf6 Nxf6 10. Nf3 Bd6 11. 0-0 0-0 12. Bg5 Bd7 13. a3 Be8 14. Re1 Bh5 15. Ng3 Bxf3 16. gxf3 h6 17. Be3 Qe8 18. Kh1 Qf7 19. Rg1 Kh8 20. Be2 Ng8 21. Qd2 e5 22. Rad1 Rad8 23. Rg2 Rde8 24. Rdg1 exd4 25. Bxd4 Nxd4 26. Qxd4 Be5 27. Qd2 Re7 28. b4 d4 29. Qd3 Bxg3 30. hxg3 Qe6 31. Bd1 Rc7 32. Bc2 Nf6 33. g4 Rc3 34. Qd1 d3 35. Ba4 Nh7 36. Re1 Qf6 37. Rh2 d2 38. Re3 Rc1 0-1

[Event "HUN-chT2 Breyer 0506"]
[Site "Hungary"]
[Date "2006.04.09"]
[Round "10"]
[White "Drexler, Mihaly"]
[Black "Voros, Sandor"]
[Result "1/2-1/2"]
[WhiteElo "1939"]
[BlackElo "2030"]
[PlyCount "31"]
[EventDate "2005.10.16"]
[EventType "team"]
[EventRounds "11"]
[EventCountry "HUN"]
[SourceTitle "EXT 2009"]
[Source "ChessBase"]
[SourceDate "2008.11.26"]
[SourceVersion "1"]
[SourceVersionDate "2008.11.26"]
[SourceQuality "1"]
[WhiteTeam "Zoltek"]
[BlackTeam "Turul"]
[WhiteTeamCountry "HUN"]
[BlackTeamCountry "HUN"]

1. e4 c5 2. Nf3 e6 3. d4 cxd4 4. Nxd4 Nf6 5. Nc3 d6 6. Be2 a6 7. 0-0 Nc6 8. Kh1 Qc7 9. f4 Be7 10. f5 0-0 11. fxe6 fxe6 12. Be3 Bd7 13. Qe1 b5 14. a3 Nxd4 15. Bxd4 Bc6 16. Bf3 1/2-1/2